000 00857nam a2200253 i 4500
001 14511
003 ES-MaACL
005 20230906150829.0
007 t|
008 000000s1984 sp a |||| | gao
020 _a84-7492-227-5
080 _a869.9.09"18/19"
100 1 _aGarcía Negro, María Pilar.
_955026
245 1 0 _a33 aproximacións á literatura e á lingua galegas /
_cMª Pilar García Negro, Xosé Mª Dobarro Paz.
260 _aA Coruña :
_bEdiciós do Castro,
_c1984.
300 _a203 p. :
_bil. ;
_c18 cm.
490 1 _aEnsaio-filoloxia
650 1 4 _aLiteratura gallega-
_yS.XIX-
_xHistoria y crítica.
_9158617
650 4 _aLiteratura gallega-
_yS.XX-
_xHistoria y crítica.
_9163218
700 1 _aDobarro Paz, Xosé María.
_944928
830 0 _aEnsaio-filoloxia
_9223248
852 _aES-MaACL
_jL-21769
999 _c14511
_d14511